[Event "Moscow-ch Women 2021"]
[Site "Moscow"]
[Date "2021.04.02"]
[Round "9.1"]
[White "Ilyina, Lada"]
[Black "Charochkina, Daria"]
[Result "0-1"]
[WhiteElo "1959"]
[BlackElo "2337"]
[Annotator "ChessBase"]
[PlyCount "82"]
[EventDate "2021.03.25"]
[EventType "swiss"]
[EventCountry "RUS"]
[SourceTitle "playchess.com"]
[Source "ChessBase"]
[SourceQuality "1"]
[TimeControl "5400+30"]

1. c4 {[%emt 0:11:30]} d6 {[%emt 0:01:19]} 2. Nc3 {[%emt 0:00:05]} c5 {[%emt 0:01:50]} 3. g3 {[%emt 0:00:10]} Nc6 {[%emt 0:01:14]} 4. Bg2 {[%emt 0:00:07]} g6 {[%emt 0:00:22]} 5. d3 {[%emt 0:04:57]} Bg7 {[%emt 0:01:54]} 6. Nf3 {[%emt 0:01:30]} Nf6 {[%emt 0:06:10]} 7. O-O {[%emt 0:00:29]} O-O {[%emt 0:00:14]} 8. a3 {[%emt 0:02:56]} Ne8 {[%emt 0:03:39]} 9. Rb1 {[%emt 0:01:28]} Nc7 {[%emt 0:04:21]} 10. Nd5 {[%emt 0:02:33]} Rb8 {[%emt 0:08:21]} 11. b4 {[%emt 0:04:34]} cxb4 {[%emt 0:01:56]} 12. axb4 {[%emt 0:00:19]} b5 {[%emt 0:01:13]} 13. Be3 {[%emt 0:15:39]} Bd7 {[%emt 0:07:09]} 14. Qd2 {[%emt 0:04:44]} bxc4 {[%emt 0:08:02]} 15. dxc4 {[%emt 0:00:30]} Bf5 {[%emt 0:00:08]} 16. Rbc1 {[%emt 0:04:27]} e6 {[%emt 0:05:52]} 17. Nxc7 {[%emt 0:02:14]} Qxc7 {[%emt 0:00:04]} 18. b5 {[%emt 0:01:22]} Ne5 {[%emt 0:12:49]} 19. c5 {[%emt 0:05:30]} d5 {[%emt 0:05:27]} 20. b6 {[%emt 0:06:40]} Qe7 {[%emt 0:01:07]} 21. Nxe5 {[%emt 0:08:50]} Bxe5 {[%emt 0:00:06]} 22. f4 {[%emt 0:00:02]} Bf6 {[%emt 0:02:44]} 23. c6 {[%emt 0:04:58]} axb6 {[%emt 0:06:05]} 24. c7 {[%emt 0:01:43]} Ra8 {[%emt 0:00:02]} 25. Bxb6 {[%emt 0:00:16]} Rfc8 {[%emt 0:00:34]} 26. g4 {[%emt 0:09:19]} Bxg4 {[%emt 0:03:02]} 27. e4 {[%emt 0:00:03]} Ra6 {[%emt 0:01:58]} 28. Ba5 {[%emt 0:01:20]} Qa3 {[%emt 0:07:53]} 29. Bb4 {[%emt 0:00:01]} Qb3 {[%emt 0:00:12]} 30. exd5 {[%emt 0:03:20]} Ra2 {[%emt 0:01:30]} 31. Qxa2 {[%emt 0:02:30]} Qxa2 {[%emt 0:00:14]} 32. d6 {[%emt 0:00:01]} Bd4+ {[%emt 0:01:21]} 33. Kh1 {[%emt 0:00:02]} e5 {[%emt 0:00:30]} 34. f5 {[%emt 0:02:10]} Qa4 {[%emt 0:02:18]} 35. Bc6 {[%emt 0:00:14]} Qxb4 {[%emt 0:01:13]} 36. d7 {[%emt 0:00:27]} Qf8 {[%emt 0:00:01]} 37. Bb7 {[%emt 0:00:31]} Rxc7 {[%emt 0:00:29]} 38. Rxc7 {[%emt 0:00:05]} Kg7 {[%emt 0:00:54]} 39. Rc8 {[%emt 0:00:48]} Qb4 {[%emt 0:00:09]} 40. Bd5 {[%emt 0:01:00]} Qb5 {[%emt 0:01:31]} 41. Bc4 {[%emt 0:00:34]} Qb7+ {[%emt 0:01:15]} 0-1

[Event "Moscow-ch Women 2021"]
[Site "Moscow"]
[Date "2021.04.02"]
[Round "9.2"]
[White "Diakonova, Ekaterina"]
[Black "Paramzina, Anastasya"]
[Result "1-0"]
[WhiteElo "2156"]
[BlackElo "2252"]
[Annotator "ChessBase"]
[PlyCount "79"]
[EventDate "2021.03.25"]
[EventType "swiss"]
[EventCountry "RUS"]
[SourceTitle "playchess.com"]
[Source "ChessBase"]
[SourceQuality "1"]
[TimeControl "5400+30"]

1. e4 {[%emt 0:00:00]} c5 {[%emt 0:13:21]} 2. Nf3 {[%emt 0:00:00]} d6 {[%emt 0:00:05]} 3. d4 {[%emt 0:00:00]} Nf6 {[%emt 0:00:09]} 4. Nc3 {[%emt 0:00:33]} cxd4 {[%emt 0:00:31]} 5. Nxd4 {[%emt 0:00:04]} a6 {[%emt 0:00:05]} 6. f3 {[%emt 0:00:03]} e6 {[%emt 0:01:34]} 7. Be3 {[%emt 0:00:12]} h5 {[%emt 0:00:17]} 8. a4 {[%emt 0:00:05]} Qc7 {[%emt 0:04:15]} 9. Be2 {[%emt 0:00:53]} b6 {[%emt 0:02:01]} 10. O-O {[%emt 0:03:07]} Bb7 {[%emt 0:00:42]} 11. Qd2 {[%emt 0:16:00]} Be7 {[%emt 0:04:49]} 12. Rad1 {[%emt 0:03:56]} Nbd7 {[%emt 0:01:31]} 13. Bg5 {[%emt 0:03:37]} Rc8 {[%emt 0:07:11]} 14. Kh1 {[%emt 0:08:09]} Nf8 {[%emt 0:10:12]} 15. Bxf6 {[%emt 0:11:35]} gxf6 {[%emt 0:16:11]} 16. f4 {[%emt 0:00:40]} h4 {[%emt 0:03:09]} 17. h3 {[%emt 0:01:36]} Rg8 {[%emt 0:00:46]} 18. f5 {[%emt 0:10:53]} Qc5 {[%emt 0:05:20]} 19. Qh6 {[%emt 0:07:43]} Qb4 {[%emt 0:02:56]} 20. Bh5 {[%emt 0:16:43]} e5 {[%emt 0:00:40]} 21. Ne6 {[%emt 0:01:10]} Rg3 {[%emt 0:05:30]} 22. Nxf8 {[%emt 0:02:41]} Qxb2 {[%emt 0:00:47]} 23. Qh7 {[%emt 0:01:27]} Qxc3 {[%emt 0:04:14]} 24. Qxf7+ {[%emt 0:01:13]} Kd8 {[%emt 0:00:03]} 25. Rxd6+ {[%emt 0:01:07]} Kc7 {[%emt 0:00:02]} 26. Qxe7+ {[%emt 0:00:42]} Kb8 {[%emt 0:00:05]} 27. Bf3 {[%emt 0:02:08]} Qc4 {[%emt 0:00:13]} 28. Rf2 {[%emt 0:02:10]} Qb4 {[%emt 0:00:24]} 29. Rfd2 {[%emt 0:01:08]} Qa3 {[%emt 0:00:35]} 30. Nd7+ {[%emt 0:02:16]} Ka7 {[%emt 0:00:14]} 31. Rf2 {[%emt 0:02:13]} Rc6 {[%emt 0:09:04]} 32. Re6 {[%emt 0:00:30]} Qc1+ {[%emt 0:00:13]} 33. Kh2 {[%emt 0:00:15]} Qf4 {[%emt 0:00:21]} 34. Kg1 {[%emt 0:00:09]} Rxc2 {[%emt 0:02:47]} 35. Rxc2 {[%emt 0:01:19]} Qxf3 {[%emt 0:00:03]} 36. Qd6 {[%emt 0:00:48]} Qe3+ {[%emt 0:00:09]} 37. Rf2 {[%emt 0:00:29]} Qe1+ {[%emt 0:08:01]} 38. Kh2 {[%emt 0:00:19]} Rg8 {[%emt 0:00:00]} 39. Qxb6+ {[%emt 0:00:13]} Ka8 {[%emt 0:00:00]} 40. Nc5 {[%emt 0:00:35]} 1-0

[Event "Moscow-ch Women 2021"]
[Site "Moscow"]
[Date "2021.04.02"]
[Round "9.3"]
[White "Zvereva, Margarita"]
[Black "Dimitrova, Aleksandra"]
[Result "1/2-1/2"]
[WhiteElo "1951"]
[BlackElo "2275"]
[Annotator "ChessBase"]
[PlyCount "112"]
[EventDate "2021.03.25"]
[EventType "swiss"]
[EventCountry "RUS"]
[SourceTitle "playchess.com"]
[Source "ChessBase"]
[SourceQuality "1"]
[TimeControl "5400+30"]

1. d4 {[%emt 0:00:00]} Nf6 {[%emt 0:00:58]} 2. c4 {[%emt 0:00:00]} e6 {[%emt 0:00:08]} 3. Nc3 {[%emt 0:00:00]} Bb4 {[%emt 0:00:14]} 4. Qc2 {[%emt 0:00:00]} O-O {[%emt 0:00:12]} 5. e4 {[%emt 0:00:00]} d5 {[%emt 0:04:10]} 6. e5 {[%emt 0:00:06]} Ne4 {[%emt 0:01:00]} 7. Bd3 {[%emt 1:33:24]} c5 {[%emt 0:02:11]} 8. Nf3 {[%emt 0:00:00]} Nc6 {[%emt 0:16:58]} 9. O-O {[%emt 0:00:00]} Bxc3 {[%emt 0:05:53]} 10. bxc3 {[%emt 0:00:00]} cxd4 {[%emt 0:04:11]} 11. Ba3 {[%emt 0:00:00]} Re8 {[%emt 0:00:50]} 12. cxd4 {[%emt 0:00:00]} Qa5 {[%emt 0:07:19]} 13. Qb2 {[%emt 0:00:00]} Qd8 {[%emt 0:13:43]} 14. Rae1 {[%emt 0:00:00]} Ng5 {[%emt 0:07:08]} 15. Nxg5 {[%emt 0:00:00]} Qxg5 {[%emt 0:00:02]} 16. f4 {[%emt 0:00:00]} Qd8 {[%emt 0:01:27]} 17. Bc5 {[%emt 0:00:00]} b6 {[%emt 0:03:39]} 18. Bd6 {[%emt 0:00:00]} Ba6 {[%emt 0:01:18]} 19. Qc3 {[%emt 0:00:00]} Bxc4 {[%emt 0:01:08]} 20. Bxc4 {[%emt 0:00:00]} dxc4 {[%emt 0:00:02]} 21. Qxc4 {[%emt 0:00:00]} Ne7 {[%emt 0:00:28]} 22. Bxe7 {[%emt 0:00:00]} Rxe7 {[%emt 0:05:20]} 23. f5 {[%emt 0:00:00]} Rc8 {[%emt 0:00:24]} 24. Qd3 {[%emt 0:00:00]} exf5 {[%emt 0:00:40]} 25. Rxf5 {[%emt 0:00:00]} Rc5 {[%emt 0:02:14]} 26. Qe3 {[%emt 0:00:00]} Rd5 {[%emt 0:00:31]} 27. Rf4 {[%emt 0:00:00]} Qd7 {[%emt 0:06:38]} 28. Qf2 {[%emt 0:00:00]} Qe6 {[%emt 0:01:38]} 29. Rc1 {[%emt 0:00:00]} Ra5 {[%emt 0:02:23]} 30. Rc2 {[%emt 0:00:00]} h6 {[%emt 0:00:31]} 31. h3 {[%emt 0:02:34]} Kh7 {[%emt 0:03:53]} 32. Rg4 {[%emt 0:03:59]} Ra3 {[%emt 0:01:53]} 33. Rg3 {[%emt 0:01:04]} Rxg3 {[%emt 0:00:31]} 34. Qxg3 {[%emt 0:00:04]} Qf5 {[%emt 0:00:54]} 35. Qc3 {[%emt 0:01:39]} Rd7 {[%emt 0:01:10]} 36. Rd2 {[%emt 0:00:50]} Qe4 {[%emt 0:02:01]} 37. Qd3 {[%emt 0:00:53]} Qxd3 {[%emt 0:00:06]} 38. Rxd3 {[%emt 0:00:03]} Kg6 {[%emt 0:00:34]} 39. Kf2 {[%emt 0:01:03]} Kf5 {[%emt 0:00:20]} 40. Ke3 {[%emt 0:00:39]} f6 {[%emt 0:00:53]} 41. exf6 {[%emt 0:00:18]} Kxf6 {[%emt 0:00:20]} 42. Rc3 {[%emt 0:00:56]} Ke6 {[%emt 0:00:15]} 43. Ke4 {[%emt 0:00:29]} Kd6 {[%emt 0:00:23]} 44. d5 {[%emt 0:02:24]} Rc7 {[%emt 0:00:41]} 45. Rg3 {[%emt 0:00:29]} Rc4+ {[%emt 0:01:01]} 46. Kd3 {[%emt 0:00:04]} Kxd5 {[%emt 0:01:17]} 47. Rxg7 {[%emt 0:00:20]} Ra4 {[%emt 0:00:02]} 48. Rd7+ {[%emt 0:00:55]} Ke5 {[%emt 0:01:00]} 49. Re7+ {[%emt 0:00:58]} Kd5 {[%emt 0:00:05]} 50. Rd7+ {[%emt 0:00:04]} Ke5 {[%emt 0:00:22]} 51. Re7+ {[%emt 0:00:06]} Kf4 {[%emt 0:01:26]} 52. Re2 {[%emt 0:00:10]} Kg3 {[%emt 0:00:40]} 53. Kc3 {[%emt 0:00:27]} h5 {[%emt 0:01:01]} 54. Kb3 {[%emt 0:00:18]} Rf4 {[%emt 0:00:25]} 55. Re5 {[%emt 0:01:02]} h4 {[%emt 0:00:21]} 56. Rg5+ {[%emt 0:00:13]} Kf2 {[%emt 0:01:05]} 1/2-1/2

[Event "Moscow-ch Women 2021"]
[Site "Moscow"]
[Date "2021.04.02"]
[Round "9.4"]
[White "Zherebtsova, Alexandra"]
[Black "Antonova, Nadezhda"]
[Result "1-0"]
[WhiteElo "2177"]
[BlackElo "1877"]
[Annotator "TA"]
[PlyCount "217"]
[EventDate "2021.03.25"]
[EventType "swiss"]
[EventCountry "RUS"]
[SourceTitle "playchess.com"]
[Source "ChessBase"]
[SourceQuality "1"]

{[%evp 19,217,-14,-13,-20,-15,-14,-17,0,0,-2,-6,-22,0,-86,-85,-83,-20,-77,-66,-79,-69,-78,-82,-84,-85,-77,-59,-53,4,4,4,4,4,4,8,0,0,0,0,-5,29,18,23,22,41,0,20,13,36,0,0,0,0,0,0,0,0,0,0,-1,11,-1,-1,-1,-1,-1,11,11,11,0,0,0,0,0,8,7,9,9,13,18,43,18,21,18,21,21,21,21,21,21,21,21,21,21,21,21,21,21,21,21,21,21,21,14,14,14,14,14,14,14,14,0,0,0,8,6,7,0,7,7,7,7,7,7,8,1,8,0,8,8,8,8,8,9,10,0,1,0,0,0,0,0,86,86,712,86,86,86,86,86,86,86,86,86,86,86,86,86,86,86,86,86,195,195,195,195,195,131,131,131,195,86,86,86,86,86,86,11,86,86,115,86,86,86,86,86,86,0,0,0,86,12,12,12,12,12,29978,29980,29978,29978]} 1. c4 Nf6 2. Nc3 g6 3. g3 Bg7 4. Bg2 O-O 5. Nf3 d6 6. O-O Nc6 7. d3 e5 8. Rb1 a5 9. a3 Nd4 {9...Re8 is becoming the main line.} 10. Nd2 c6 11. b4 {A26: English Opening vs King's Indian with ...Nc6 and d3.} axb4 12. axb4 d5 13. Bb2 {The position is equal.} Re8 14. e3 Nf5 {[#]} 15. Ne2 $146 ({Predecessor:} 15. Na4 dxc4 16. Nxc4 b5 17. Bxc6 Rxa4 18. Bxb5 Rxb4 19. Bxe8 Qxe8 20. Bxe5 Rxb1 21. Qxb1 {1-0 (36) Stanojoski,Z (2485)-Hansen,T (2429) Khanty-Mansiysk 2010}) 15... Nd6 16. cxd5 (16. Qb3 $11) 16... Nxd5 $17 17. Ba1 Ra2 (17... Nb5 $17 18. e4 Nb6) 18. e4 (18. Bxd5 $11 cxd5 19. Nc3 {[%mdl 64] Double Attack}) 18... Nc7 19. Nc3 Ra8 20. Nb3 Ndb5 21. Nxb5 Nxb5 22. Qd2 Be6 23. Nc5 Ra3 (23... Ra2 $15 24. Bb2 Bc8) 24. Nxb7 $11 Qxd3 25. Qxd3 Rxd3 26. Nc5 Ra3 27. Bb2 Ra2 28. Nxe6 Rxe6 29. Rfd1 Nd4 30. Bf1 {And now Bxd4 would win.} Rd6 31. Kg2 Ra8 32. Bc1 h5 33. Be3 Rad8 34. Rb2 Nf5 35. Rxd6 Nxe3+ 36. Kf3 Rxd6 37. Kxe3 {[%mdl 4096] Endgame KRB-KRB} Bh6+ 38. Kf3 Rd2 39. Rb3 (39. Rxd2 {is more complex.} Bxd2 40. b5 cxb5 41. Bxb5 Ba5 42. Bc4) 39... Rd4 40. Bh3 Bf8 41. b5 cxb5 42. Rxb5 f6 43. Be6+ Kg7 44. Bd5 Rb4 45. Ra5 g5 46. Ra7+ Kh6 47. Rf7 g4+ 48. Kg2 Bg7 49. h3 Rb2 50. h4 Rb8 51. Ra7 Rd8 52. Be6 Rb8 53. Bf5 Rd8 54. Kf1 Rd6 55. Ke2 Rd8 56. Ra5 Rd4 57. Ke3 Rd1 58. Ra7 Rd8 59. Rb7 Rd6 60. Rb3 Rd8 61. f3 gxf3 62. Kxf3 Bf8 63. Rb7 {[%csl Gf5][%cal Rb7h7]} Bg7 64. Ke3 Rd6 65. g4 hxg4 66. Bxg4 Rd8 67. Bf5 Rd1 68. Rb2 Rg1 69. Kf2 Rc1 70. Rb7 Rh1 71. Kg3 Rc1 72. Rb3 Bf8 73. Rb7 {[%csl Gf5][%cal Rb7h7]} (73. Rb8 {with more complications.} Bg7 74. Rb7 Rc3+ 75. Kg4 Rc1 76. Rf7) 73... Bg7 74. Kh2 Rc2+ 75. Kh3 Rc3+ 76. Kg4 Rc1 77. h5 Rg1+ 78. Kf3 Kxh5 79. Kf2 Rg5 80. Rb1 {[%cal Rb1h1]} Rxf5+ 81. exf5 {aiming for Kf3. KR-KB} Bh6 $2 {[%mdl 8192]} (81... Bf8 $16) 82. Kf3 $2 (82. Rh1+ $18 {is the precise move to win.} Kg5 83. Ke3) 82... Bf4 83. Rg1 Bg5 84. Ke4 Kh4 85. Rg2 (85. Rf1 {keeps more tension.} Kg4 86. Rh1 Bf4 87. Rg1+ Kh5 88. Kd3) 85... Kh5 86. Rh2+ $1 Kg4 87. Rh8 Bh4 88. Rh7 Bg5 89. Rg7 Kh5 90. Kf3 {Threatens to win with Rh7+.} Kh6 (90... Bd2 $16 {might work better.} 91. Rg2 Bg5) 91. Rf7 $18 Bh4 {[#]} 92. Kg4 $1 {[%cal Rg4h4]} Bg5 93. Re7 (93. Kh3 $18) 93... Bf4 94. Rb7 Bg5 {[#]} (94... Bc1 $16 95. Rc7 Be3) 95. Kf3 (95. Rf7 $1 $18 {and White stays clearly on top.}) 95... Bf4 $16 96. Ke4 Bg5 97. Kd5 Bh4 98. Ke6 (98. Rb1 $16) 98... Bg5 (98... Kg5 $11 {remains equal.}) 99. Rb4 Kg7 100. Rg4 {Threatening mate with Rxg5+!} Kh6 101. Kf7 Kh5 102. Ra4 Kh6 103. Ra8 (103. Ke6 $16) 103... Kh5 $11 104. Ra4 (104. Ke6 $11) 104... Kh6 $16 105. Ra1 ({Better is} 105. Ke6 $16) 105... Kh5 $11 106. Re1 Kg4 107. Kg6 Kf3 $2 {[%mdl 8192] [#]} (107... Bd2 $11 108. Re2 (108. Kxf6 Bxe1 109. Kxe5 Kh5 $11) 108... Bc3) 108. Rxe5 $3 {[%mdl 512]} Bh4 109. Re6 {Weighted Error Value: White=0.09/Black=0.09} 1-0

[Event "Moscow-ch Women 2021"]
[Site "Moscow"]
[Date "2021.04.02"]
[Round "9.5"]
[White "Danilova, Rada"]
[Black "Gorovenko, Darya"]
[Result "0-1"]
[WhiteElo "2048"]
[BlackElo "2106"]
[Annotator "ChessBase"]
[PlyCount "92"]
[EventDate "2021.03.25"]
[EventType "swiss"]
[EventCountry "RUS"]
[SourceTitle "playchess.com"]
[Source "ChessBase"]
[SourceQuality "1"]
[TimeControl "5400+30"]

1. d4 {[%emt 0:00:00]} Nf6 {[%emt 0:00:08]} 2. c4 {[%emt 0:00:00]} g6 {[%emt 0:00:13]} 3. Nc3 {[%emt 0:00:00]} Bg7 {[%emt 0:00:11]} 4. e4 {[%emt 0:00:00]} d6 {[%emt 0:00:09]} 5. Nge2 {[%emt 0:00:27]} O-O {[%emt 0:00:24]} 6. Ng3 {[%emt 0:00:22]} c5 {[%emt 0:01:52]} 7. d5 {[%emt 0:00:17]} e6 {[%emt 0:00:35]} 8. Be2 {[%emt 0:00:30]} exd5 {[%emt 0:00:08]} 9. cxd5 {[%emt 0:00:24]} a6 {[%emt 0:02:49]} 10. a4 {[%emt 0:00:10]} Qa5 {[%emt 0:02:37]} 11. O-O {[%emt 0:01:14]} b5 {[%emt 0:01:38]} 12. Bf4 {[%emt 0:03:15]} b4 {[%emt 0:00:15]} 13. Nb1 {[%emt 0:02:34]} Qc7 {[%emt 0:10:42]} 14. a5 {[%emt 0:03:42]} Bd7 {[%emt 0:03:56]} 15. Re1 {[%emt 0:19:48]} Bb5 {[%emt 0:02:54]} 16. Nd2 {[%emt 0:10:47]} Nfd7 {[%emt 0:07:36]} 17. Qc2 {[%emt 0:03:55]} Rc8 {[%emt 0:01:07]} 18. Bg4 {[%emt 0:07:56]} h5 {[%emt 0:01:33]} 19. Bxh5 {[%emt 0:04:37]} gxh5 {[%emt 0:00:27]} 20. Nxh5 {[%emt 0:00:04]} Nf6 {[%emt 0:00:44]} 21. Nxg7 {[%emt 0:02:26]} Kxg7 {[%emt 0:00:05]} 22. e5 {[%emt 0:05:50]} Nxd5 {[%emt 0:00:05]} 23. exd6 {[%emt 0:03:57]} Qd7 {[%emt 0:00:05]} 24. Bg3 {[%emt 0:02:26]} Qg4 {[%emt 0:06:33]} 25. Ne4 {[%emt 0:06:15]} Nd7 {[%emt 0:01:16]} 26. Rad1 {[%emt 0:02:59]} Qf5 {[%emt 0:03:11]} 27. Qd2 {[%emt 0:02:12]} Bc6 {[%emt 0:00:24]} 28. f3 {[%emt 0:01:15]} Re8 {[%emt 0:05:25]} 29. Qf2 {[%emt 0:00:32]} N5f6 {[%emt 0:01:19]} 30. Nxf6 {[%emt 0:04:07]} Nxf6 {[%emt 0:01:23]} 31. Re7 {[%emt 0:01:18]} Rad8 {[%emt 0:23:23]} 32. Rc7 {[%emt 0:00:34]} Rc8 {[%emt 0:01:49]} 33. Ra7 {[%emt 0:00:49]} Bb5 {[%emt 0:00:42]} 34. Bh4 {[%emt 0:00:37]} Nd7 {[%emt 0:08:22]} 35. Qg3+ {[%emt 0:03:21]} Qg6 {[%emt 0:00:06]} 36. Qf4 {[%emt 0:01:15]} Re6 {[%emt 0:03:28]} 37. Bf2 {[%emt 0:01:05]} Rce8 {[%emt 0:04:20]} 38. h4 {[%emt 0:00:45]} Rf6 {[%emt 0:01:00]} 39. Qh2 {[%emt 0:01:37]} Rxf3 {[%emt 0:02:18]} 40. h5 {[%emt 0:00:14]} Qc2 {[%emt 0:00:44]} 41. gxf3 {[%emt 0:01:40]} Qxd1+ {[%emt 0:00:07]} 42. Kg2 {[%emt 0:00:03]} Bf1+ {[%emt 0:00:15]} 43. Kg3 {[%emt 0:01:13]} Qxd6+ {[%emt 0:00:06]} 44. f4 {[%emt 0:00:07]} Rg8 {[%emt 0:02:49]} 45. Qh4 {[%emt 0:00:22]} Kh7+ {[%emt 0:00:23]} 46. Kh2 {[%emt 0:00:37]} Qd5 {[%emt 0:00:19]} 0-1

[Event "Moscow-ch Women 2021"]
[Site "Moscow"]
[Date "2021.04.02"]
[Round "9.6"]
[White "Kuznetsova, Veronika"]
[Black "Ivanova, Anastasia S."]
[Result "0-1"]
[WhiteElo "1343"]
[BlackElo "1830"]
[Annotator "NA"]
[PlyCount "84"]
[EventDate "2021.03.25"]
[EventType "swiss"]
[EventCountry "RUS"]
[SourceTitle "playchess.com"]
[Source "ChessBase"]
[SourceQuality "1"]
[TimeControl "5400+30"]

1. e4 {[%emt 0:01:44]} c5 {[%emt 0:00:00]} 2. Nc3 {[%emt 0:00:24]} Nc6 {[%emt 0:00:00]} 3. g3 {[%emt 0:00:09]} g6 {[%emt 0:00:00]} 4. Bg2 {[%emt 0:00:05]} Bg7 {[%emt 0:00:00]} 5. d3 {[%emt 0:00:06]} d6 {[%emt 0:00:00]} 6. Be3 {[%emt 0:00:09]} e6 {[%emt 0:00:00]} 7. Qd2 {[%emt 0:00:06]} Rb8 {[%emt 0:00:00]} 8. Nf3 {[%emt 0:00:23]} Nd4 {[%emt 0:01:07]} 9. Nd1 {[%emt 0:00:28]} e5 {[%emt 0:01:27]} 10. c3 {[%emt 0:00:34]} Bh3 {[%emt 0:00:51]} 11. Nxd4 {[%emt 0:30:16]} Bxg2 {[%emt 0:01:22]} 12. Bg5 {[%emt 0:02:02]} Qd7 {[%emt 0:04:54]} 13. Rg1 {[%emt 0:01:47]} cxd4 {[%emt 0:00:49]} 14. Rxg2 {[%emt 0:00:51]} h6 {[%emt 0:00:54]} 15. Bh4 {[%emt 0:00:49]} g5 {[%emt 0:00:08]} 16. Bxg5 {[%emt 0:00:08]} hxg5 {[%emt 0:00:04]} 17. cxd4 {[%emt 0:02:17]} g4 {[%emt 0:07:40]} 18. d5 {[%emt 0:01:31]} Bh6 {[%emt 0:04:00]} 19. Qb4 {[%emt 0:01:43]} Nf6 {[%emt 0:03:34]} 20. Nc3 {[%emt 0:01:07]} Ke7 {[%emt 0:03:45]} 21. Ke2 {[%emt 0:03:54]} Nh7 {[%emt 0:01:16]} 22. Rgg1 {[%emt 0:10:27]} Ng5 {[%emt 0:00:54]} 23. Rad1 {[%emt 0:01:18]} Nf3 {[%emt 0:00:34]} 24. Rh1 {[%emt 0:00:04]} Rbg8 {[%emt 0:04:02]} 25. Nb5 {[%emt 0:05:05]} a6 {[%emt 0:02:41]} 26. Na3 {[%emt 0:03:04]} b5 {[%emt 0:08:22]} 27. Kf1 {[%emt 0:05:19]} Nd4 {[%emt 0:01:26]} 28. Kg2 {[%emt 0:04:50]} f5 {[%emt 0:02:17]} 29. Nb1 {[%emt 0:01:11]} f4 {[%emt 0:01:25]} 30. Nd2 {[%emt 0:03:06]} f3+ {[%emt 0:02:10]} 31. Kg1 {[%emt 0:01:09]} Rc8 {[%emt 0:01:21]} 32. h4 {[%emt 0:01:26]} gxh3 {[%emt 0:00:18]} 33. Kh2 {[%emt 0:00:18]} Rc2 {[%emt 0:01:24]} 34. Rhf1 {[%emt 0:01:01]} Ra8 {[%emt 0:07:27]} 35. Nb3 {[%emt 0:04:36]} Be3 {[%emt 0:08:51]} 36. Nxd4 {[%emt 0:00:47]} Bxd4 {[%emt 0:00:17]} 37. Qe1 {[%emt 0:00:37]} Re2 {[%emt 0:00:20]} 38. Qa5 {[%emt 0:01:06]} Bxf2 {[%emt 0:01:23]} 39. Kh1 {[%emt 0:00:33]} Qd8 {[%emt 0:01:11]} 40. Qa3 {[%emt 0:00:37]} Bxg3 {[%emt 0:04:49]} 41. Rxf3 {[%emt 0:01:07]} Qg8 {[%emt 0:00:31]} 42. d4 {[%emt 0:07:41]} Bf4 {[%emt 0:01:27]} 0-1

[Event "Moscow-ch Women 2021"]
[Site "Moscow"]
[Date "2021.04.02"]
[Round "9.7"]
[White "Lyutsinger, Iren"]
[Black "Barkasheva, Sofia"]
[Result "1-0"]
[WhiteElo "1464"]
[BlackElo "1634"]
[Annotator "NA"]
[PlyCount "97"]
[EventDate "2021.03.25"]
[EventType "swiss"]
[EventCountry "RUS"]
[SourceTitle "playchess.com"]
[Source "ChessBase"]
[SourceQuality "1"]
[TimeControl "5400+30"]

1. e4 {[%emt 0:00:00]} c5 {[%emt 0:02:03]} 2. Nc3 {[%emt 0:00:00]} Nc6 {[%emt 0:00:09]} 3. g3 {[%emt 0:00:00]} g6 {[%emt 0:00:04]} 4. Bg2 {[%emt 0:00:00]} Bg7 {[%emt 0:00:05]} 5. d3 {[%emt 0:00:03]} d6 {[%emt 0:00:14]} 6. f4 {[%emt 0:00:06]} e6 {[%emt 0:00:03]} 7. Nf3 {[%emt 0:00:09]} Nge7 {[%emt 0:00:09]} 8. O-O {[%emt 0:00:08]} O-O {[%emt 0:00:20]} 9. Be3 {[%emt 0:00:02]} Nd4 {[%emt 0:00:07]} 10. Rb1 {[%emt 0:00:04]} Rb8 {[%emt 0:00:07]} 11. Ne2 {[%emt 0:00:06]} Nxf3+ {[%emt 0:00:05]} 12. Bxf3 {[%emt 0:00:02]} b6 {[%emt 0:00:11]} 13. c3 {[%emt 0:00:47]} Bb7 {[%emt 0:00:10]} 14. d4 {[%emt 0:00:07]} cxd4 {[%emt 0:00:24]} 15. cxd4 {[%emt 0:00:00]} f5 {[%emt 0:01:47]} 16. Nc3 {[%emt 0:01:34]} Qd7 {[%emt 0:02:32]} 17. e5 {[%emt 1:35:22]} Rfd8 {[%emt 0:06:29]} 18. Bxb7 {[%emt 0:00:00]} Qxb7 {[%emt 0:02:32]} 19. Qb3 {[%emt 0:00:00]} Qd7 {[%emt 0:34:39]} 20. Rbd1 {[%emt 0:00:00]} Kh8 {[%emt 0:11:40]} 21. Bf2 {[%emt 0:00:00]} b5 {[%emt 0:09:37]} 22. Rfe1 {[%emt 0:00:00]} d5 {[%emt 0:04:49]} 23. Ne2 {[%emt 0:00:00]} a5 {[%emt 0:02:04]} 24. Nc1 {[%emt 0:00:00]} a4 {[%emt 0:02:53]} 25. Qf3 {[%emt 0:04:00]} Nc6 {[%emt 0:01:38]} 26. Nd3 {[%emt 0:00:00]} Bf8 {[%emt 0:01:00]} 27. g4 {[%emt 0:00:00]} Qf7 {[%emt 0:02:13]} 28. Nc5 {[%emt 0:00:00]} Bxc5 {[%emt 0:01:50]} 29. dxc5 {[%emt 0:00:00]} fxg4 {[%emt 0:02:35]} 30. Qxg4 {[%emt 0:00:00]} Rf8 {[%emt 0:01:04]} 31. Bg3 {[%emt 0:00:00]} Qf5 {[%emt 0:02:11]} 32. Qe2 {[%emt 0:00:00]} Rfc8 {[%emt 0:01:19]} 33. Qf2 {[%emt 0:00:00]} Nb4 {[%emt 0:01:49]} 34. Re3 {[%emt 0:00:00]} Nxa2 {[%emt 0:06:28]} 35. Bh4 {[%emt 0:00:00]} b4 {[%emt 0:00:46]} 36. Bf6+ {[%emt 0:00:00]} Kg8 {[%emt 0:00:07]} 37. Rde1 {[%emt 0:00:00]} b3 {[%emt 0:01:01]} 38. Rg3 {[%emt 0:00:00]} a3 {[%emt 0:00:42]} 39. Re2 {[%emt 0:00:00]} Qb1+ {[%emt 0:00:34]} 40. Kg2 {[%emt 0:00:00]} Nc1 {[%emt 0:00:00]} 41. Ree3 {[%emt 0:00:00]} a2 {[%emt 0:00:25]} 42. Rxg6+ {[%emt 0:00:00]} Qxg6+ {[%emt 0:00:50]} 43. Rg3 {[%emt 0:00:00]} a1=Q {[%emt 0:00:08]} 44. Rxg6+ {[%emt 0:00:00]} hxg6 {[%emt 0:00:04]} 45. Qh4 {[%emt 0:00:00]} Qxb2+ {[%emt 0:00:08]} 46. Kh1 {[%emt 0:00:00]} Rb7 {[%emt 0:02:23]} 47. Qh8+ {[%emt 0:00:00]} Kf7 {[%emt 0:00:05]} 48. Qg7+ {[%emt 0:00:00]} Ke8 {[%emt 0:00:05]} 49. Qxb7 {[%emt 0:00:00]} 1-0